000 00330nam a22001337a 4500
008 250325b |||||||| |||| 00| 0 eng d
020 _a9783436708
050 _aPR9387
_b.H34
100 _aHAGHERS Iyorwuese
245 _aLeoparditude and African Drama
260 _aNigeria
_bAl-Bishak
_c2000
300 _axvi, 340p.
942 _cBK
999 _c2695
_d2695